| 000 -LEADER |
| fixed length control field |
00448cam a22001337a 4500 |
| 008 - FIXED-LENGTH DATA ELEMENTS--GENERAL INFORMATION |
| fixed length control field |
180718b1959 xxu||||| |||| 00| 0 eng d |
| 082 ## - DEWEY DECIMAL CLASSIFICATION NUMBER |
| Classification number |
L27x5433 N153 |
| 100 ## - MAIN ENTRY--PERSONAL NAME |
| Personal name |
Nanda, Kailash Chandar |
| 245 ## - TITLE STATEMENT |
| Title |
Law relating to sales tax in Punjab and Himachal Pradesh |
| Statement of responsibility, etc. |
by Kailash Chandar Nanda and Lalit Mohan Suri |
| 260 ## - PUBLICATION, DISTRIBUTION, ETC. |
| Place of publication, distribution, etc. |
Chandigarh |
| Name of publisher, distributor, etc. |
Shashi Mohan Suri |
| Date of publication, distribution, etc. |
1959 |
| 300 ## - PHYSICAL DESCRIPTION |
| Extent |
247p. |
| 650 ## - SUBJECT ADDED ENTRY--TOPICAL TERM |
| Topical term or geographic name entry element |
Sales tax - India - Punjab |
| 700 ## - ADDED ENTRY--PERSONAL NAME |
| Personal name |
Suri Lalit Mohan |